Podział administracyjny Nigru - Statystyki

Ogólne statystyki
  • Ten quiz został rozwiązany 29 razy
  • Średni wynik to 2 z 8
Odpowiedzi na mapie
Odpowiedzi zakodowano w zielono-czerwonej skali na mapie do tego quizu, zgodnie z poniższymi procentami.
 
Statystyki odpowiedzi
Ludność (2011) Powierzchnia (km²) Odpowiedź % Poprawnych
1,302.910 670 Niamey
96%
511,188 634,209 Agadez
26%
489,531 140,216 Diffa
22%
2,916.929 145,430 Zinder
22%
2,078.339 31,002 Dosso
13%
3,117.810 38,581 Maradi
13%
2,741.922 106,677 Tahoua
13%
2,572.125 89,623 Tillabéri
13%
Nie znaleziono quizów pasujących do podanych kryteriów
Rozkład punktacji
Procent ludzi z każdym wynikiem
Percentyl według liczby udzielonych odpowiedzi
Twoja historia wyników
Nie rozwiązałeś tego quizu